| 000 | 00369nam a2200169Ia 4500 | ||
|---|---|---|---|
| 008 | 240428s9999||||xx |||||||||||||| ||und|| | ||
| 020 | _a0901787302 | ||
| 041 | _aeng | ||
| 082 | _a322. 42 | ||
| 100 | _aNULL | ||
| 245 | 0 | _aFrantz Fanon | |
| 260 |
_bPanaf Books _aLondon _c1975 |
||
| 300 | _a200p. | ||
| 650 | _aFanon, Frantz, 1925-1961 | ||
| 942 | _cIL | ||
| 999 |
_c272 _d272 |
||